000 01418nam0a2200349 4500
001 RU\NLR\BIBL_A\022101786
005 20240131101645.0
010 _a978-5-17-159476-3
_bС.: Лучшая мировая классика
_93000
021 _aRU
_bКН-П-23-075107
_9КН-П-23-7588
035 _a(NLR Aleph) 022101786
035 _a(RuMoRGB)012382069
090 _a12748882
_c12748882
100 _a20231222d2023 u y0rusy50 ca
101 1 _arus
_cger
102 _aRU
105 _aa z 000ay
181 0 _ai3
_baxxe
182 0 _an
200 1 _aПропавший без вести
_eсборник
_eперевод с немецкого
_fФранц Кафка
203 _aТекст
_bвизуальный
_cнепосредственный
210 _aМосква
_cАСТ
_d2023
215 _a415 с.
_cил.
_d21
225 1 _aЛучшая мировая классика
327 1 _aСодерж.: Пропавший без вести (Америка): роман; новеллы: Сборник "Созерцание"; Сборник "Сельский врач"; Сборник "Голодарь"
333 _a12+
686 1 _aШ6(4А)67-440.4{Лх1348-50}
700 1 _aКафка
_bФ.
_f1883-1924
_gФранц
_3RU\NLR\AUTH\7724108
942 _cBOOK
980 _aNB